10 losowych pytań w 2 minuty! - Statystyki

Ogólne statystyki
  • Ten quiz został rozwiązany 136 razy
  • Średni wynik to 4 z 10
Statystyki odpowiedzi
Hint Odpowiedź % Poprawnych
Pierwiastek chemiczny bromu to ? br
77%
Największe miastoAustralii to? Sydney
75%
Największy kraj pod względem ludności w Afryce to? Nigeria
61%
Ile dni trwa Chanuka? ( wpisz liczbe ) 8
49%
Stolica tego kraju to Hanoi Wietnam
44%
Najbogatszy człowiek na świecie to ? Jeff Bezos
39%
Najbogatsze państwo na świecie to ? Luksemburg
19%
Z którego kraju pochodzi danie Bimbpab ? Korea Południowa
15%
Songkran , to święto jakiegokraju ? Tajlandia
11%
Największy odrzutowiec pasażerski to? Airbus A380
7%
Nie znaleziono quizów pasujących do podanych kryteriów
Rozkład punktacji
Procent ludzi z każdym wynikiem
Percentyl według liczby udzielonych odpowiedzi
Twoja historia wyników
Nie rozwiązałeś tego quizu